|
|
|
|
| LEADER |
03639nam a2200469 a 4500 |
| 001 |
GR-Patra30547 |
| 008 |
101206s gr g b 000 0 gre d |
| 020 |
|
|
|a 9789604520527
|q τ.1
|
| 040 |
|
|
|a GrPaTEI
|b gre
|c GR-PaULI
|
| 040 |
|
|
|a GrPaTEI
|b gre
|c GR-PaULI
|
| 082 |
|
0 |
|a 610.736
|2 22
|
| 100 |
1 |
|
|a Ignatavicius, Donna D.
|
| 245 |
1 |
0 |
|a Παθολογική-χειρουργική νοσηλευτική :
|b κριτική σκέψη για συνεργατική φροντίδα /
|c Donna D. Ignatavicius, M. Linda Workman ; Επιμέλεια ελληνικής έκδοσης Ασπασία Βασιλειάδου
|n 1/4.
|
| 250 |
|
|
|a 5η εκδ.
|
| 260 |
|
|
|a Αθήνα :
|b Εκδόσεις ΒΗΤΑ medical arts,
|c c 2008
|
| 300 |
|
|
|a xxxii, [1-591]σ. :
|b εικ.
|
| 500 |
|
|
|a Παράρτημα Αιγίου: αρ. εισ. 53648
|
| 500 |
|
|
|a Σύστημα "ΕΥΔΟΞΟΣ" : αρ. εισ. 53140, 53142, 53648 - 53650, 55919-55920, 58213, 59068
|
| 504 |
|
|
|a Περιλαμβάνει βιβλιογραφία.
|
| 610 |
|
4 |
|a Σύστημα ΕΥΔΟΞΟΣ
|
| 610 |
2 |
4 |
|a Παράρτημα Αιγίου
|
| 650 |
|
0 |
|a Aids
|x Νοσηλευτική παρέμβαση
|
| 650 |
|
4 |
|a Αλλεργία
|x Νοσηλευτική παρέμβαση
|
| 650 |
|
4 |
|a Νοσηλευτική
|x Παθολογία
|
| 650 |
|
4 |
|a ΥΓΕΙΑ
|
| 650 |
|
4 |
|a Χειρουργική νοσηλευτική
|
| 700 |
1 |
|
|a Workman, Linda M.
|
| 700 |
1 |
|
|a Βασιλειάδου, Ασπασία
|
| 710 |
0 |
|
|a Βήτα medical arts
|
| 942 |
|
|
|2 ddc
|
| 971 |
|
|
|a .b26781190
|b 08-10-20
|c 26-09-16
|
| 999 |
|
|
|c 179111
|d 179111
|
| 952 |
|
|
|0 0
|1 0
|2 ddc
|3 τ.1
|4 0
|6 610_736000000000000_IGN
|7 0
|9 312195
|a AIGI
|b AIGI
|c EUD
|d 2021-01-17
|e 24
|f 0
|g 0.00
|l 0
|o 610.736 IGN
|p 92410053648
|r 2021-01-17
|t 1
|w 2021-01-17
|y BK15
|x 20121018 0 1
|x Μεταφορά από 24102
|x GrPaTEI
|
| 952 |
|
|
|0 0
|1 0
|2 ddc
|3 τ.1
|4 0
|6 610_736000000000000_IGN
|7 1
|9 312196
|a AIGI
|b AIGI
|c BSC
|d 2021-01-17
|e 24
|f 0
|g 0.00
|l 0
|o 610.736 IGN
|p 92410047979
|r 2021-01-17
|t 1
|w 2021-01-17
|y BKN
|x 20101206 0 0
|x Μεταφορά από 24103
|x GrPaTEI
|
| 952 |
|
|
|0 0
|1 0
|2 ddc
|3 τ.1
|4 0
|6 610_736000000000000_IGN
|7 0
|9 312197
|a LISK
|b LISK
|c EUD
|d 2021-01-17
|e 24
|f 0
|g 0.00
|l 0
|o 610.736 IGN
|p 92410053140
|r 2021-01-17
|t 1
|w 2021-01-17
|y BK15
|x 20121018 0 1
|x GrPaTEI
|
| 952 |
|
|
|0 0
|1 0
|2 ddc
|3 τ.1
|4 0
|6 610_736000000000000_IGN
|7 0
|9 312198
|a LISK
|b LISK
|c EUD
|d 2021-01-17
|e 24
|f 0
|g 0.00
|l 0
|o 610.736 IGN
|p 92410053649
|r 2021-01-17
|t 1
|w 2021-01-17
|y BK15
|x 20121018 0 1
|x GrPaTEI
|
| 952 |
|
|
|0 0
|1 0
|2 ddc
|3 τ.1
|4 0
|6 610_736000000000000_IGN
|7 0
|9 312199
|a LISK
|b LISK
|c EUD
|d 2021-01-17
|e 24
|f 0
|g 0.00
|l 0
|o 610.736 IGN
|p 92410053650
|r 2021-01-17
|t 1
|w 2021-01-17
|y BK15
|x 20121018 0 1
|x GrPaTEI
|
| 952 |
|
|
|0 0
|1 0
|2 ddc
|3 τ.1
|4 0
|6 610_736000000000000_IGN
|7 0
|9 312200
|a LISK
|b LISK
|c EUD
|d 2021-01-17
|e 24
|f 0
|g 0.00
|l 0
|o 610.736 IGN
|p 92410055919
|r 2021-01-17
|t 1
|w 2021-01-17
|y BK15
|x 20130425 0 1
|x GrPaTEI
|
| 952 |
|
|
|0 0
|1 0
|2 ddc
|3 τ.1
|4 0
|6 610_736000000000000_IGN
|7 0
|9 312201
|a LISK
|b LISK
|c EUD
|d 2021-01-17
|e 24
|f 0
|g 0.00
|l 0
|o 610.736 IGN
|p 92410058213
|r 2021-01-17
|t 1
|w 2021-01-17
|y BK15
|x 20131126 0 1
|x GrPaTEI
|
| 952 |
|
|
|0 0
|1 0
|2 ddc
|3 τ.1
|4 0
|6 610_736000000000000_IGN
|7 0
|9 312202
|a LISK
|b LISK
|c EUD
|d 2021-01-17
|e 24
|f 2
|g 0.00
|l 0
|o 610.736 IGN
|p 92410059068
|r 2021-01-17
|t 1
|w 2021-01-17
|y BK15
|x 20140207 0 1
|x GrPaTEI
|
| 952 |
|
|
|0 0
|1 0
|2 ddc
|3 τ.1
|4 0
|6 610_736000000000000_IGN
|7 1
|9 312203
|a LISK
|b LISK
|c EUD
|d 2021-01-17
|e 24
|f 0
|g 0.00
|l 0
|o 610.736 IGN
|p 92410053142
|r 2021-01-17
|t 1
|w 2021-01-17
|y BKN
|x 20121018 0 0
|x GrPaTEI
|
| 952 |
|
|
|0 0
|1 0
|2 ddc
|3 τ.1
|4 0
|6 610_736000000000000_IGN
|7 1
|9 312204
|a LISK
|b LISK
|c EUD
|d 2021-01-17
|e 24
|f 0
|g 0.00
|l 0
|o 610.736 IGN
|p 92410055920
|r 2021-01-17
|t 1
|w 2021-01-17
|y BKN
|x 20130425 0 0
|x GrPaTEI
|